Sports Quiz

Random Sports Quiz

Footballers(soccerplayers) career Quiz Stats

 Plays Quiz not verified by Sporcle

Score 0/15 Timer 12:00
0 Plays Today
Clubs player % Correct
Barcelona-Brescia-Romapep guardiola
52.9%
Inter-Everton-PSVvan der meyde
50%
Man Utd-Køln-CSKA Moscowzoran tosic
41.2%
CSKA Moscow-HamburgSV-Bayern M-Wolfsburgivica olic
32.4%
Kalmar-AZ-CSKA Moscowrasmus elm
32.4%
Sheff W-Sunderland-Chelsea-Boltonemerson thome
23.5%
PSG-AC Milan-Chelsea-Man Cgeorge weah
23.5%
Wimbledon-Tottenham-Charlton-WBAchris perry
20.6%
Clubs player % Correct
Fiorentina-Bologna-Espanyol-Romapablo daniel osvaldo
20.6%
Juventus-Bari-Chievo-Romasimone perrotta
17.6%
Deportivo-Villareal-Benfica-Espanyoljoan capdevila
17.6%
Auxerre-Inter-AC Milan-Derbytaribo west
14.7%
Norwich-Sunderland-Fulham-Blackburndickson etuhu
11.8%
Derby-Aston Villa-Benfica-West Hamgary charles
11.8%
Ipswich-Everton-AB-Wolfsburgclaus thomsen
8.8%

You're not logged in!

Compare scores with friends on all Sporcle quizzes.
OR
Log In

Show Comments

Extras

Created Oct 31, 2012ReportNominate
Tags:career, footballer

Top Quizzes Today


Score Distribution

Your Account Isn't Verified!

In order to create a playlist on Sporcle, you need to verify the email address you used during registration. Go to your Sporcle Settings to finish the process.

Report this User

Report this user for behavior that violates our Community Guidelines.

Details: